[Event "Scarborough CC ch Reserves"]
[Site "Toronto CAN"]
[Date "2012.04.12"]
[Round "4"]
[White "Azmitia, Gabriel"]
[Black "Veecock, Carl"]
[Result "1-0"]
[WhiteElo "1521"]
[BlackElo "1341"]
[PlyCount "23"]
[GameId "2160767909510124"]
[EventDate "2012.03.22"]
[EventType "swiss"]
[EventRounds "9"]
[EventCountry "CAN"]
[SourceTitle "EXT 2022"]
[Source "ChessBase"]
[SourceDate "2021.10.06"]
[SourceVersion "1"]
[SourceVersionDate "2021.10.06"]
[SourceQuality "1"]

1. d4 Nf6 2. c4 e6 3. Nf3 Bb4+ 4. Nc3 h6 5. Qc2 Ne4 6. Qxe4 Bxc3+ 7. bxc3 d5 8. cxd5 Qxd5 9. Qc2 b6 10. e4 Qc6 11. Rb1 Bb7 12. Bb5 1-0

[Event "Scarborough CC ch Reserves"]
[Site "Toronto CAN"]
[Date "2012.04.12"]
[Round "4"]
[White "Crnilovic, Grisha"]
[Black "Pishdad, Hassan"]
[Result "0-1"]
[WhiteElo "1558"]
[BlackElo "1394"]
[PlyCount "22"]
[GameId "2160767909510125"]
[EventDate "2012.03.22"]
[EventType "swiss"]
[EventRounds "9"]
[EventCountry "CAN"]
[SourceTitle "EXT 2022"]
[Source "ChessBase"]
[SourceDate "2021.10.06"]
[SourceVersion "1"]
[SourceVersionDate "2021.10.06"]
[SourceQuality "1"]

1. e4 c5 2. Nf3 e6 3. d4 cxd4 4. Nxd4 Bc5 5. c3 e5 6. Nf5 Qf6 7. Be3 Bxe3 8. Nxe3 Nh6 9. Nd5 Qd8 10. Qh5 d6 11. Bc4 Bg4 0-1

[Event "Scarborough CC ch Reserves"]
[Site "Toronto CAN"]
[Date "2012.04.12"]
[Round "4"]
[White "Dattani, Dinesh"]
[Black "Aghamalian, Derick"]
[Result "0-1"]
[WhiteElo "1359"]
[BlackElo "1614"]
[PlyCount "84"]
[GameId "2160767909510126"]
[EventDate "2012.03.22"]
[EventType "swiss"]
[EventRounds "9"]
[EventCountry "CAN"]
[SourceTitle "EXT 2022"]
[Source "ChessBase"]
[SourceDate "2021.10.06"]
[SourceVersion "1"]
[SourceVersionDate "2021.10.06"]
[SourceQuality "1"]

1. d4 Nf6 2. g3 g6 3. Bg2 Bg7 4. c4 d6 5. Nf3 Be6 6. Ng5 Bc8 7. Qa4+ c6 8. O-O h6 9. Nf3 O-O 10. Nc3 Nbd7 11. Bd2 Nb6 12. Qb3 Be6 13. d5 cxd5 14. Nd4 dxc4 15. Qc2 Bc8 16. Rad1 Rb8 17. Ndb5 a6 18. Nd4 Qc7 19. Qc1 Kh7 20. f4 Nfd7 21. Be3 Nf6 22. h3 Bd7 23. Qc2 Nc8 24. f5 g5 25. Qd2 b5 26. Nf3 b4 27. Nd5 Nxd5 28. Qxd5 Bxb2 29. Qe4 Bf6 30. Nxg5+ hxg5 31. Bxg5 Bxg5 32. f6+ Kg8 33. fxe7 Bxe7 34. Rd5 f5 35. Qf4 Be6 36. Qh6 Rf6 37. Qg5+ Kf7 38. Qh5+ Kg7 39. Qg5+ Rg6 40. Qf4 Bxd5 41. Bxd5 Qc5+ 42. Kh2 Qxd5 0-1

[Event "Scarborough CC ch Reserves"]
[Site "Toronto CAN"]
[Date "2012.04.12"]
[Round "4"]
[White "Egorov, Mikhail"]
[Black "Zhang, John"]
[Result "1-0"]
[WhiteElo "2081"]
[BlackElo "1751"]
[PlyCount "85"]
[GameId "2160767909510127"]
[EventDate "2012.03.22"]
[EventType "swiss"]
[EventRounds "9"]
[EventCountry "CAN"]
[SourceTitle "EXT 2022"]
[Source "ChessBase"]
[SourceDate "2021.10.06"]
[SourceVersion "1"]
[SourceVersionDate "2021.10.06"]
[SourceQuality "1"]

1. d4 Nf6 2. c4 g6 3. Nc3 Bg7 4. e4 d6 5. Nf3 O-O 6. Be2 e5 7. O-O Nc6 8. d5 Ne7 9. Ne1 Nd7 10. Be3 f5 11. f3 f4 12. Bf2 g5 13. Rc1 Rf6 14. c5 dxc5 15. b4 Rh6 16. bxc5 Qe8 17. g4 fxg3 18. Bxg3 Ng6 19. Nd3 Nf4 20. Nf2 Nf6 21. Ng4 Rh3 22. Nb5 Qh5 23. Nxf6+ Bxf6 24. Rf2 Rxg3+ 25. hxg3 Nh3+ 26. Kg2 Nxf2 27. Kxf2 Qh2+ 28. Ke3 Qxg3 29. Nxc7 Rb8 30. d6 Qf4+ 31. Kd3 Bd7 32. Qb3+ Kh8 33. Rh1 Bg7 34. Ne6 Qf6 35. Nxg7 Kxg7 36. Kd2 Bc6 37. Bb5 Bxb5 38. Qxb5 Qf7 39. Qb3 Qxb3 40. axb3 Rc8 41. b4 b6 42. d7 Rc7 43. d8=Q 1-0

[Event "Scarborough CC ch Reserves"]
[Site "Toronto CAN"]
[Date "2012.04.12"]
[Round "4"]
[White "Gillis, Doug"]
[Black "Lin, Benjamin1"]
[Result "1-0"]
[WhiteElo "1649"]
[BlackElo "1345"]
[PlyCount "51"]
[GameId "2160767909510128"]
[EventDate "2012.03.22"]
[EventType "swiss"]
[EventRounds "9"]
[EventCountry "CAN"]
[SourceTitle "EXT 2022"]
[Source "ChessBase"]
[SourceDate "2021.10.06"]
[SourceVersion "1"]
[SourceVersionDate "2021.10.06"]
[SourceQuality "1"]

1. d4 Nf6 2. Nc3 d5 3. Bg5 Bf5 4. e3 Ne4 5. Nxe4 Bxe4 6. f3 Bg6 7. Bd3 Bxd3 8. Qxd3 Nc6 9. Ne2 f6 10. Bf4 e5 11. dxe5 fxe5 12. Bg3 Bc5 13. Nc3 d4 14. exd4 Qxd4 15. O-O-O O-O-O 16. Qf5+ Kb8 17. Rxd4 Bxd4 18. Qf7 g6 19. Nb5 Bb6 20. Re1 Rde8 21. Rd1 Rd8 22. Rxd8+ Rxd8 23. c3 Be3+ 24. Kc2 Rd2+ 25. Kb3 Na5+ 26. Ka4 1-0

[Event "Scarborough CC ch Reserves"]
[Site "Toronto CAN"]
[Date "2012.04.12"]
[Round "4"]
[White "Graham, John"]
[Black "Ward, Dean"]
[Result "0-1"]
[WhiteElo "1450"]
[BlackElo "1725"]
[PlyCount "28"]
[GameId "2160767909510129"]
[EventDate "2012.03.22"]
[EventType "swiss"]
[EventRounds "9"]
[EventCountry "CAN"]
[SourceTitle "EXT 2022"]
[Source "ChessBase"]
[SourceDate "2021.10.06"]
[SourceVersion "1"]
[SourceVersionDate "2021.10.06"]
[SourceQuality "1"]

1. c4 Nf6 2. Nc3 d5 3. e3 e6 4. a3 c5 5. d4 cxd4 6. exd4 dxc4 7. Bxc4 a6 8. Nf3 b5 9. Bb3 Bb7 10. Be3 Bd6 11. d5 exd5 12. Nxd5 Nxd5 13. Bxd5 Bxd5 14. Qxd5 Bb4+ 0-1

[Event "Scarborough CC ch Reserves"]
[Site "Toronto CAN"]
[Date "2012.04.12"]
[Round "4"]
[White "Guo, Tan"]
[Black "Tismenko, Dennis"]
[Result "0-1"]
[WhiteElo "1636"]
[BlackElo "1419"]
[PlyCount "60"]
[GameId "2160767909510130"]
[EventDate "2012.03.22"]
[EventType "swiss"]
[EventRounds "9"]
[EventCountry "CAN"]
[SourceTitle "EXT 2022"]
[Source "ChessBase"]
[SourceDate "2021.10.06"]
[SourceVersion "1"]
[SourceVersionDate "2021.10.06"]
[SourceQuality "1"]

1. e4 c5 2. Nf3 g6 3. d4 cxd4 4. Nxd4 Nc6 5. Be3 Nf6 6. Nc3 Bg7 7. Be2 d6 8. O-O O-O 9. Qd2 Bd7 10. Rad1 Qc7 11. a3 a6 12. Bh6 Nxd4 13. Bxa6 Rxa6 14. Bxg7 Kxg7 15. Qxd4 Rc6 16. Nd5 e5 17. Nxc7 exd4 18. Nb5 Rxc2 19. Nxd6 Rxb2 20. Rxd4 Bc6 21. e5 Nd5 22. h4 Nc3 23. Rd3 Ne2+ 24. Kh2 Bxg2 25. Re1 Nf4 26. Rd4 Ne6 27. Rd3 Rxf2 28. Kg1 Ra2 29. Rc1 Nf4 30. Re3 Ne2+ 0-1

[Event "Scarborough CC ch Reserves"]
[Site "Toronto CAN"]
[Date "2012.04.12"]
[Round "4"]
[White "Huston, Scott"]
[Black "Vyravanathan, Sobiga"]
[Result "1/2-1/2"]
[WhiteElo "1756"]
[BlackElo "1535"]
[PlyCount "81"]
[GameId "2160767909510131"]
[EventDate "2012.03.22"]
[EventType "swiss"]
[EventRounds "9"]
[EventCountry "CAN"]
[SourceTitle "EXT 2022"]
[Source "ChessBase"]
[SourceDate "2021.10.06"]
[SourceVersion "1"]
[SourceVersionDate "2021.10.06"]
[SourceQuality "1"]

1. d4 Nf6 2. c4 e6 3. Nc3 Bb4 4. Qc2 Nc6 5. Nf3 O-O 6. Bg5 Be7 7. e3 d5 8. b3 Nb4 9. Qb1 Re8 10. a3 Nc6 11. Bd3 h6 12. Bf4 Bd6 13. Ne5 Ne7 14. g4 Nd7 15. g5 hxg5 16. Bxg5 Nxe5 17. dxe5 Bxe5 18. Qc2 d4 19. O-O-O c5 20. f4 Qa5 21. Nb1 Bc7 22. Rhg1 Nf5 23. Bf6 g6 24. Qg2 Bd8 25. Qg5 Bxf6 26. Qxf6 Qd8 27. Rxg6+ fxg6 28. Qxg6+ Kf8 29. Rg1 Ke7 30. Bxf5 exf5 31. Qg7+ Kd6 32. Rg6+ Be6 33. exd4 cxd4 34. Qe5+ Kd7 35. Qxd4+ Kc8 36. Qe5 Qd7 37. Rg7 Qc6 38. Nc3 Qh1+ 39. Kc2 Qc6 40. Nb5 Qe4+ 41. Qxe4 1/2-1/2

[Event "Scarborough CC ch Reserves"]
[Site "Toronto CAN"]
[Date "2012.04.12"]
[Round "4"]
[White "Liang, Phillip"]
[Black "Karpik, Steve"]
[Result "1-0"]
[WhiteElo "1584"]
[BlackElo "1447"]
[PlyCount "117"]
[GameId "2160767909510132"]
[EventDate "2012.03.22"]
[EventType "swiss"]
[EventRounds "9"]
[EventCountry "CAN"]
[SourceTitle "EXT 2022"]
[Source "ChessBase"]
[SourceDate "2021.10.06"]
[SourceVersion "1"]
[SourceVersionDate "2021.10.06"]
[SourceQuality "1"]

1. c4 c5 2. Nf3 g6 3. Nc3 Bg7 4. g3 Nc6 5. Bg2 Nf6 6. d3 d6 7. O-O O-O 8. Rb1 a6 9. a3 Bd7 10. b4 Ne8 11. Ne4 cxb4 12. axb4 Nd4 13. Nxd4 Bxd4 14. Bb2 Bxb2 15. Rxb2 Rb8 16. Qc2 b5 17. c5 d5 18. Nc3 d4 19. Nd5 Nc7 20. Ra2 Nxd5 21. Bxd5 e6 22. Bg2 Bc8 23. Rb1 Qc7 24. e4 e5 25. Qd2 Qc6 26. f4 f6 27. Rf1 Bb7 28. f5 g5 29. g4 Kg7 30. Rf3 Rh8 31. Rh3 h6 32. Bf3 Rh7 33. Bd1 Rbh8 34. Bb3 h5 35. gxh5 Rxh5 36. Rxh5 Rxh5 37. Qd1 Qe8 38. Rg2 Qh8 39. Qa1 Rh3 40. Bc2 Qh4 41. Qd1 Re3 42. Re2 Qg4+ 43. Kf1 Qf3+ 44. Ke1 Rxe2+ 45. Qxe2 Qh1+ 46. Kd2 Qa1 47. Qh5 Qc3+ 48. Kd1 Qa1+ 49. Ke2 Qa2 50. Qg6+ Kf8 51. Qxf6+ Ke8 52. Qxe5+ Kf8 53. Qb8+ Kg7 54. Qxb7+ Kf6 55. Kd2 Qa1 56. Qc6+ Kf7 57. Qe6+ Kf8 58. f6 Qc3+ 59. Kd1 1-0

[Event "Scarborough CC ch Reserves"]
[Site "Toronto CAN"]
[Date "2012.04.12"]
[Round "4"]
[White "Liu, Jiaxin (Dora)"]
[Black "Triefeldt, Jack"]
[Result "1/2-1/2"]
[WhiteElo "1544"]
[BlackElo "1806"]
[PlyCount "56"]
[GameId "2160767909510133"]
[EventDate "2012.03.22"]
[EventType "swiss"]
[EventRounds "9"]
[EventCountry "CAN"]

1. d4 d5 2. Nf3 f5 3. e3 Nf6 4. Bd3 e6 5. b3 c5 6. Bb2 Nc6 7. Nbd2 Be7 8. Ne5 Nxe5 9. dxe5 Ne4 10. Nxe4 fxe4 11. Bb5+ Bd7 12. Bxd7+ Qxd7 13. O-O O-O 14. Qg4 Rf5 15. Rad1 Rb8 16. Qxe4 Qe8 17. Qg4 Qf7 18. f4 b6 19. c4 d4 20. exd4 cxd4 21. Bxd4 Rh5 22. Be3 Rh4 23. Qf3 Bb4 24. Qc6 Bc5 25. Bxc5 bxc5 26. Rd7 Qf5 27. Qc7 Rg4 28. g3 Qc2 1/2-1/2

[Event "Scarborough CC ch Reserves"]
[Site "Toronto CAN"]
[Date "2012.04.12"]
[Round "4"]
[White "Mahendran, Sujeev"]
[Black "Zhao, Harry"]
[Result "0-1"]
[WhiteElo "1609"]
[BlackElo "1371"]
[PlyCount "135"]
[GameId "2160767909510134"]
[EventDate "2012.03.22"]
[EventType "swiss"]
[EventRounds "9"]
[EventCountry "CAN"]
[SourceTitle "EXT 2022"]
[Source "ChessBase"]
[SourceDate "2021.10.06"]
[SourceVersion "1"]
[SourceVersionDate "2021.10.06"]
[SourceQuality "1"]

1. d4 d5 2. c4 e6 3. e3 Nf6 4. Nc3 b6 5. cxd5 Nxd5 6. Nxd5 Qxd5 7. Nf3 Bb7 8. Be2 Nc6 9. Bd2 Qd7 10. a3 Bd6 11. O-O O-O 12. Bd3 h6 13. Rc1 Rad8 14. Qe2 Rfe8 15. Bc3 e5 16. dxe5 Nxe5 17. Nxe5 Bxe5 18. Rfd1 Qe7 19. Bxe5 Qxe5 20. Rd2 c5 21. Rcd1 Qg5 22. g3 Qf6 23. f4 Kh8 24. Bb5 Rxd2 25. Rxd2 Rd8 26. Qd1 Rxd2 27. Qxd2 Qe7 28. Bf1 Qe4 29. Bg2 Qxg2+ 30. Qxg2 Bxg2 31. Kxg2 Kh7 32. f5 g6 33. f6 g5 34. Kf3 Kg6 35. Ke4 Kxf6 36. Kd5 Kf5 37. Kc6 Kg4 38. Kb7 b5 39. Kxa7 b4 40. axb4 cxb4 41. Kb6 Kh3 42. Kb5 Kxh2 43. Kxb4 Kxg3 44. Kc3 Kf3 45. b4 g4 46. b5 g3 47. b6 g2 48. b7 g1=Q 49. b8=Q Qc1+ 50. Kd3 Qxe3+ 51. Kc2 Qe4+ 52. Kc3 f6 53. Qf8 f5 54. Qf7 Kf4 55. Kd2 Qg2+ 56. Ke1 Qg5 57. Qc4+ Kg3 58. Qd3+ Kh4 59. Qd5 Kh5 60. Qf3+ Qg4 61. Qb3 Kh4 62. Qf7 f4 63. Kf1 h5 64. Qe7+ Kh3 65. Qb7 f3 66. Qb2 Qg2+ 67. Qxg2+ fxg2+ 68. Kg1 0-1

[Event "Scarborough CC ch Reserves"]
[Site "Toronto CAN"]
[Date "2012.04.12"]
[Round "4"]
[White "Moran-Venegas, Mario"]
[Black "Mesiti, Silvano"]
[Result "1/2-1/2"]
[WhiteElo "1807"]
[BlackElo "1550"]
[PlyCount "47"]
[GameId "2160767909510135"]
[EventDate "2012.03.22"]
[EventType "swiss"]
[EventRounds "9"]
[EventCountry "CAN"]
[SourceTitle "EXT 2022"]
[Source "ChessBase"]
[SourceDate "2021.10.06"]
[SourceVersion "1"]
[SourceVersionDate "2021.10.06"]
[SourceQuality "1"]

1. e4 e5 2. Nf3 d6 3. d4 exd4 4. Qxd4 Nc6 5. Bb5 Bd7 6. Bxc6 Bxc6 7. Nc3 Nf6 8. Bg5 Be7 9. O-O-O O-O 10. Rhe1 Nd7 11. Bxe7 Qxe7 12. Nd5 Qd8 13. g3 Nb6 14. Nh4 Nxd5 15. exd5 Bd7 16. Rd3 Re8 17. Rxe8+ Qxe8 18. Re3 Qd8 19. f4 b6 20. Kd2 a5 21. c4 Qf8 22. Nf3 Re8 23. b3 h6 24. Qd3 1/2-1/2

[Event "Scarborough CC ch Reserves"]
[Site "Toronto CAN"]
[Date "2012.04.12"]
[Round "4"]
[White "Sharpe, Michael"]
[Black "Super, Russell"]
[Result "1-0"]
[WhiteElo "1602"]
[BlackElo "1397"]
[PlyCount "39"]
[GameId "2160767909510136"]
[EventDate "2012.03.22"]
[EventType "swiss"]
[EventRounds "9"]
[EventCountry "CAN"]
[SourceTitle "EXT 2022"]
[Source "ChessBase"]
[SourceDate "2021.10.06"]
[SourceVersion "1"]
[SourceVersionDate "2021.10.06"]
[SourceQuality "1"]

1. e4 e5 2. Nf3 Nf6 3. Nc3 d6 4. d4 exd4 5. Nxd4 a6 6. Be2 g6 7. Bg5 Bg7 8. Qd2 O-O 9. h4 Qe8 10. Qe3 h5 11. Bxf6 Bxf6 12. Nd5 Bxd4 13. Qxd4 Nd7 14. Nxc7 Qd8 15. Nxa8 b5 16. Qxd6 Bb7 17. Nc7 Bxe4 18. O-O-O Bf5 19. Bd3 Be6 20. Nxe6 1-0

[Event "Scarborough CC ch Reserves"]
[Site "Toronto CAN"]
[Date "2012.04.12"]
[Round "4"]
[White "Sharpe, Sam"]
[Black "Zhong, Joey"]
[Result "0-1"]
[WhiteElo "1978"]
[BlackElo "1566"]
[PlyCount "70"]
[GameId "2160767909510137"]
[EventDate "2012.03.22"]
[EventType "swiss"]
[EventRounds "9"]
[EventCountry "CAN"]
[SourceTitle "EXT 2022"]
[Source "ChessBase"]
[SourceDate "2021.10.06"]
[SourceVersion "1"]
[SourceVersionDate "2021.10.06"]
[SourceQuality "1"]

1. c4 Nf6 2. g3 c6 3. Bg2 d5 4. Nf3 e6 5. O-O dxc4 6. Qc2 b5 7. a4 Bb7 8. b3 cxb3 9. Qxb3 a6 10. d3 Be7 11. Bb2 O-O 12. Rc1 Qb6 13. Nbd2 Nbd7 14. d4 c5 15. axb5 axb5 16. dxc5 Bxc5 17. e3 Rxa1 18. Bxa1 Bd5 19. Qb1 Ra8 20. Nb3 Be4 21. Rc2 Nd5 22. Qb2 f6 23. Rd2 Bb4 24. Rd1 Nc3 25. Rxd7 Ra2 26. Qxc3 Bxc3 27. Bxc3 Qc6 28. Rd8+ Kf7 29. Nfd4 Qxc3 30. Bxe4 Qe1+ 31. Kg2 Qxf2+ 32. Kh3 Qxh2+ 33. Kg4 h5+ 34. Kf4 g5+ 35. Kf3 Rf2# 0-1

[Event "Scarborough CC ch Reserves"]
[Site "Toronto CAN"]
[Date "2012.04.12"]
[Round "4"]
[White "Shebetah, Wajdy"]
[Black "Fan, Yibing"]
[Result "1-0"]
[WhiteElo "2071"]
[BlackElo "1745"]
[PlyCount "107"]
[GameId "2160767909510138"]
[EventDate "2012.03.22"]
[EventType "swiss"]
[EventRounds "9"]
[EventCountry "CAN"]

1. d4 Nf6 2. Nf3 e6 3. e3 Bb4+ 4. c3 Be7 5. Bd3 b6 6. Nbd2 Ba6 7. c4 c5 8. O-O Nc6 9. b3 cxd4 10. exd4 d5 11. Bb2 Nb4 12. Be2 O-O 13. a3 Nc6 14. Rc1 dxc4 15. bxc4 Na5 16. Re1 Bb7 17. Bd3 Rc8 18. Ne5 Nc6 19. Ndf3 Bd6 20. Re3 h6 21. Nxc6 Bxc6 22. Ne5 Ba8 23. Bb1 Nd7 24. Qd3 f5 25. Nxd7 Qxd7 26. Re2 Be4 27. Qc3 Bf4 28. Rce1 Bxb1 29. Rxb1 Qc6 30. g3 Bb8 31. d5 Qxc4 32. Qxc4 Rxc4 33. dxe6 Re8 34. Rd1 Kf8 35. Rd7 Rc7 36. Bxg7+ Kg8 37. Rxc7 Bxc7 38. Bxh6 Kh7 39. Bg5 Kg6 40. h4 Bd6 41. a4 Be7 42. Bxe7 Rxe7 43. Kg2 Kf6 44. f3 a6 45. g4 b5 46. axb5 axb5 47. g5+ Kg6 48. Kg3 b4 49. Kf4 Kh5 50. Kxf5 Kxh4 51. Re4+ Kg3 52. Rxb4 Kxf3 53. Kf6 Re8 54. Kf7 1-0

[Event "Scarborough CC ch Reserves"]
[Site "Toronto CAN"]
[Date "2012.04.12"]
[Round "4"]
[White "Song, Eric"]
[Black "Smith, Maurice"]
[Result "1-0"]
[WhiteElo "1625"]
[BlackElo "1468"]
[PlyCount "81"]
[GameId "2160767909510139"]
[EventDate "2012.03.22"]
[EventType "swiss"]
[EventRounds "9"]
[EventCountry "CAN"]
[SourceTitle "EXT 2022"]
[Source "ChessBase"]
[SourceDate "2021.10.06"]
[SourceVersion "1"]
[SourceVersionDate "2021.10.06"]
[SourceQuality "1"]

1. e4 d6 2. d4 Nf6 3. Nc3 g6 4. Nf3 Bg7 5. Bc4 O-O 6. h3 b6 7. O-O Bb7 8. Re1 Nc6 9. Bg5 a6 10. a4 h6 11. Bf4 e6 12. Qd2 Kh7 13. Rad1 Ne7 14. Qe2 Nd7 15. Bg3 Qc8 16. Kh1 Nc6 17. Nb1 e5 18. c3 Qe8 19. Bb3 a5 20. Bc2 Ba6 21. Bd3 Bxd3 22. Qxd3 f6 23. Qc4 Ndb8 24. d5 Qf7 25. Na3 Nd8 26. Nb5 Na6 27. b4 axb4 28. cxb4 Qd7 29. Rc1 Rf7 30. Re2 f5 31. Rec2 Qe8 32. Nd2 fxe4 33. Qxe4 Rb8 34. Nxc7 Qxa4 35. Nxa6 Qxa6 36. Nf3 Bf6 37. Bh4 Bxh4 38. Nxh4 Rg7 39. Rc7 Rb7 40. Qxg6+ Kh8 41. Qxg7# 1-0

[Event "Scarborough CC ch Reserves"]
[Site "Toronto CAN"]
[Date "2012.04.12"]
[Round "4"]
[White "Thanabalachandran, Kajan"]
[Black "Rutherdale, William"]
[Result "1-0"]
[WhiteElo "1548"]
[BlackElo "1658"]
[PlyCount "71"]
[GameId "2160767909510140"]
[EventDate "2012.03.22"]
[EventType "swiss"]
[EventRounds "9"]
[EventCountry "CAN"]
[SourceTitle "EXT 2022"]
[Source "ChessBase"]
[SourceDate "2021.10.06"]
[SourceVersion "1"]
[SourceVersionDate "2021.10.06"]
[SourceQuality "1"]

1. e4 e5 2. Nf3 Nc6 3. Bb5 a6 4. Ba4 Nf6 5. O-O Be7 6. Re1 b5 7. Bb3 d6 8. h3 Na5 9. c3 Nxb3 10. axb3 Bb7 11. d3 O-O 12. Nbd2 c5 13. Nf1 Qc7 14. Ne3 Rad8 15. c4 Ra8 16. Bd2 b4 17. Nd5 Nxd5 18. exd5 f5 19. Bg5 Rfe8 20. Bxe7 Rxe7 21. Nd2 Rf8 22. Qh5 Rf6 23. Re3 Bc8 24. Rae1 Rh6 25. Qd1 Rf7 26. f4 exf4 27. Re8+ Rf8 28. Qe2 Rhf6 29. Qf3 Rxe8 30. Rxe8+ Rf8 31. Re1 Qd8 32. Qxf4 Qf6 33. Re2 g5 34. Qe3 Kf7 35. Ne4 Qe7 36. Nxg5+ 1-0

[Event "Scarborough CC ch Reserves"]
[Site "Toronto CAN"]
[Date "2012.04.12"]
[Round "4"]
[White "Zhao, Yanchun"]
[Black "Ugodnikov, Arkadiy"]
[Result "0-1"]
[WhiteElo "1409"]
[BlackElo "1830"]
[PlyCount "115"]
[GameId "2160767909510142"]
[EventDate "2012.03.22"]
[EventType "swiss"]
[EventRounds "9"]
[EventCountry "CAN"]
[SourceTitle "EXT 2022"]
[Source "ChessBase"]
[SourceDate "2021.10.06"]
[SourceVersion "1"]
[SourceVersionDate "2021.10.06"]
[SourceQuality "1"]

1. d4 Nf6 2. c4 g6 3. Nc3 d5 4. Nf3 Bg7 5. e3 O-O 6. Be2 b6 7. O-O Bb7 8. Qc2 Nbd7 9. b4 dxc4 10. Bxc4 Bxf3 11. gxf3 e5 12. Ne2 Re8 13. Bb2 exd4 14. Bxd4 Ne5 15. Bxe5 Rxe5 16. f4 Rh5 17. Ng3 Rh6 18. Rad1 Qe7 19. Kg2 Ng4 20. h3 Nf6 21. Qb3 c6 22. a4 Bf8 23. b5 c5 24. Rh1 Qb7+ 25. Kg1 Re8 26. Rd3 Nh5 27. Bd5 Qe7 28. Qc4 Nxg3 29. fxg3 Bg7 30. Kg2 Qf6 31. Rf1 Qe7 32. Rf3 Rf8 33. e4 g5 34. Rde3 gxf4 35. gxf4 Bd4 36. Rg3+ Rg6 37. Ref3 Kh8 38. Qb3 f6 39. Qc2 Rxg3+ 40. Rxg3 Qc7 41. Kf3 Qd8 42. Qg2 f5 43. Rg7 Bxg7 44. Qe2 fxe4+ 45. Bxe4 Be5 46. f5 Qh4 47. Qg2 Qf4+ 48. Ke2 Rd8 49. Bd3 c4 50. f6 cxd3+ 51. Kd1 Qxa4+ 52. Ke1 d2+ 53. Kf2 d1=N+ 54. Kg1 Qd4+ 55. Kh1 Nf2+ 56. Kg1 Nxh3+ 57. Kh1 Qd1+ 58. Qg1 0-1

[Event "Scarborough CC ch Reserves"]
[Site "Toronto CAN"]
[Date "2012.04.12"]
[Round "4"]
[White "Zotkin, Daniel"]
[Black "Termeer, Ted"]
[Result "1-0"]
[WhiteElo "1747"]
[BlackElo "1343"]
[PlyCount "73"]
[GameId "2160767909510143"]
[EventDate "2012.03.22"]
[EventType "swiss"]
[EventRounds "9"]
[EventCountry "CAN"]
[SourceTitle "EXT 2022"]
[Source "ChessBase"]
[SourceDate "2021.10.06"]
[SourceVersion "1"]
[SourceVersionDate "2021.10.06"]
[SourceQuality "1"]

1. b3 d5 2. Bb2 c5 3. e3 a6 4. Nf3 Nc6 5. c4 e6 6. d4 cxd4 7. Nxd4 Nxd4 8. Qxd4 Nf6 9. Nc3 Bb4 10. cxd5 Bxc3+ 11. Bxc3 Qxd5 12. Qxd5 exd5 13. Rd1 Be6 14. g3 O-O 15. Bxf6 gxf6 16. Bg2 Rfd8 17. O-O Rd7 18. f4 f5 19. Rd4 f6 20. Rfd1 Rad8 21. Kf2 h5 22. Bf3 Bf7 23. Kg2 Kh7 24. h3 Kh6 25. g4 h4 26. gxf5 Bh5 27. Bxh5 Kxh5 28. e4 Rg7+ 29. Kh2 Rdg8 30. exd5 Rg2+ 31. Kh1 R2g3 32. R4d3 R3g7 33. d6 Rd7 34. Re3 Rc8 35. Re7 Rxe7 36. dxe7 Re8 37. Rd8 1-0

[Event "Scarborough CC ch Reserves"]
[Site "Toronto CAN"]
[Date "2012.04.19"]
[Round "5"]
[White "Aghamalian, Derick"]
[Black "Zhao, Harry"]
[Result "0-1"]
[WhiteElo "1614"]
[BlackElo "1371"]
[PlyCount "82"]
[GameId "2160767909510144"]
[EventDate "2012.03.22"]
[EventType "swiss"]
[EventRounds "9"]
[EventCountry "CAN"]
[SourceTitle "EXT 2022"]
[Source "ChessBase"]
[SourceDate "2021.10.06"]
[SourceVersion "1"]
[SourceVersionDate "2021.10.06"]
[SourceQuality "1"]

1. e4 e6 2. d4 d5 3. Nd2 Be7 4. Ngf3 Nc6 5. c4 dxe4 6. Nxe4 Nf6 7. Nc3 O-O 8. Be2 b6 9. O-O h6 10. Bf4 Bd6 11. Qd2 Bb7 12. Rad1 Bxf4 13. Qxf4 a6 14. Ne5 Qe7 15. Bf3 Nxe5 16. Bxb7 Ng6 17. Qf3 Ra7 18. Bc6 Qb4 19. Qe2 Ne7 20. Bf3 c6 21. a3 Qd6 22. Rfe1 b5 23. Qe5 Qc7 24. Qxc7 Rxc7 25. b3 Nc8 26. Ne2 Nb6 27. Rc1 Rcc8 28. Ng3 Rfd8 29. Red1 Kf8 30. cxb5 cxb5 31. Bb7 Rxc1 32. Rxc1 Rxd4 33. Bxa6 b4 34. a4 Rd6 35. Bb5 Nbd5 36. Ne4 Nxe4 37. Rc8+ Ke7 38. Re8+ Kf6 39. a5 Nc7 40. Rb8 Nxb5 41. Rxb5 Rd1# 0-1

[Event "Scarborough CC ch Reserves"]
[Site "Toronto CAN"]
[Date "2012.04.19"]
[Round "5"]
[White "Bellomo, Joe"]
[Black "Gillis, Doug"]
[Result "1-0"]
[WhiteElo "1533"]
[BlackElo "1649"]
[PlyCount "109"]
[GameId "2160767909510145"]
[EventDate "2012.03.22"]
[EventType "swiss"]
[EventRounds "9"]
[EventCountry "CAN"]
[SourceTitle "EXT 2022"]
[Source "ChessBase"]
[SourceDate "2021.10.06"]
[SourceVersion "1"]
[SourceVersionDate "2021.10.06"]
[SourceQuality "1"]

1. e4 e6 2. Nf3 d5 3. e5 c5 4. g3 Nc6 5. Bg2 Qc7 6. Qe2 Nge7 7. d3 Ng6 8. Nc3 a6 9. O-O Ncxe5 10. Re1 Nxf3+ 11. Bxf3 Be7 12. Bh5 O-O 13. Bxg6 hxg6 14. Nxd5 exd5 15. Qxe7 Qxe7 16. Rxe7 b6 17. Bf4 Be6 18. Rb7 b5 19. Re1 Rfe8 20. h4 Bg4 21. Ree7 Bf3 22. Rbc7 Rac8 23. Rxc8 Rxc8 24. Re3 Bg4 25. Kg2 Be6 26. Re1 Kf8 27. Bd2 Re8 28. a3 Bd7 29. Rxe8+ Kxe8 30. f3 Ke7 31. Kf2 Kf6 32. Bc3+ d4 33. Ba5 Ke5 34. g4 Be6 35. Kg3 c4 36. Bc7+ Kd5 37. Kf4 f6 38. Bd8 g5+ 39. hxg5 fxg5+ 40. Kxg5 Bf7 41. Be7 Ke5 42. Bf8 g6 43. f4+ Ke6 44. Bg7 Kd5 45. f5 gxf5 46. Kxf5 cxd3 47. cxd3 Bg8 48. g5 Be6+ 49. Kf4 a5 50. Bf8 Bf7 51. Kf5 Be6+ 52. Kf6 a4 53. g6 Bg8 54. Kg7 Be6 55. Kh8 1-0

[Event "Scarborough CC ch Reserves"]
[Site "Toronto CAN"]
[Date "2012.04.19"]
[Round "5"]
[White "Fan, Yibing"]
[Black "Liu, Jiaxin (Dora)"]
[Result "1/2-1/2"]
[WhiteElo "1745"]
[BlackElo "1544"]
[PlyCount "58"]
[GameId "2160767909510146"]
[EventDate "2012.03.22"]
[EventType "swiss"]
[EventRounds "9"]
[EventCountry "CAN"]

1. d4 Nf6 2. c4 g6 3. Nc3 Bg7 4. e4 d6 5. Nge2 O-O 6. Ng3 Nbd7 7. Be2 c5 8. d5 Ne5 9. Bf4 Nfd7 10. h4 Nb6 11. Bxe5 Bxe5 12. h5 Bd7 13. Qd2 e6 14. f4 Bf6 15. O-O-O e5 16. Kb1 exf4 17. Qxf4 Ba4 18. Rdf1 Be5 19. Qh6 Bg7 20. Qf4 Bd7 21. Qxd6 Bxc3 22. bxc3 Na4 23. hxg6 Nxc3+ 24. Kb2 Na4+ 25. Kc2 hxg6 26. Rh2 Qb6 27. Qxb6 Nxb6 28. Rfh1 Rfe8 29. Rh8+ Kg7 1/2-1/2